| 000 | 01615cam a22003858a 4500 | ||
|---|---|---|---|
| 001 | 15134671 | ||
| 005 | 20150813134547.0 | ||
| 008 | 080110t2009 enka frb 001 0 eng d | ||
| 010 | _a 2008000357 | ||
| 020 | _a0415453828 (pbk) | ||
| 020 | _a9780415453820 (pbk) | ||
| 040 |
_aDLC _bEG-ScBUE _cDLC _dDLC |
||
| 050 | 0 | 0 |
_aHT166 _b.S9135 2008 |
| 082 | 0 | 0 |
_a307.1216 _bSUS _222 |
| 245 | 0 | 4 |
_aThe Sustainable Urban Development Reader / _cEdited by Stephen M. Wheeler and Timothy Beatley. |
| 250 | _a2nd ed. | ||
| 260 |
_aLondon : _bRoutledge, _cc.2009 |
||
| 263 | _a0806 | ||
| 300 |
_axiv, 494 p. : _bill. ; _c25 cm. |
||
| 490 | _aThe Routledge Urban Reader Series | ||
| 500 | _aIndex: p.488-494. | ||
| 504 | _aIncludes bibliographical references and index. | ||
| 505 | 0 | _aOrigins of the sustainability concept -- Dimensions of sustainable urban development -- Tools for sustainability planning -- Sustainable urban development internationally -- Visions of sustainable community -- Case studies of urban sustainability -- Sustainability planning exercises. | |
| 590 | _aMohamed Hussein | ||
| 650 | 0 |
_aCity planning. _911657 _2BUEsh |
|
| 650 | 0 |
_aCommunity development, Urban. _911658 _2BUEsh |
|
| 650 | 0 |
_aSustainable urban development. _911659 _2BUEsh |
|
| 651 | _2BUEsh | ||
| 653 |
_bBUSECO _cAugust2015 |
||
| 700 | 1 |
_aWheeler, Stephen _q(Stephen Maxwell) _911660 |
|
| 700 | 1 |
_aBeatley, Timothy, _d1957- _911661 |
|
| 856 | 4 | 1 |
_3Table of contents only _uhttp://www.loc.gov/catdir/toc/ecip088/2008000357.html |
| 942 |
_2ddc _cBB |
||
| 999 |
_c13455 _d13455 |
||